[Event "IND-ch Rapid"]
[Site "Nashik"]
[Date "2024.03.05"]
[Round "8"]
[White "Wagh, Suyog"]
[Black "Priyanka, Nutakki"]
[Result "1-0"]
[WhiteElo "2215"]
[BlackElo "2255"]
[PlyCount "131"]
[EventDate "2024.03.04"]
[EventType "swiss (rapid)"]
[EventRounds "11"]
[EventCountry "IND"]
[SourceTitle "CB11_2024"]
[SourceDate "2024.03.13"]
[SourceVersion "1"]
[SourceVersionDate "2024.03.13"]
[SourceQuality "1"]

1. d4 Nf6 2. c4 e6 3. Nf3 Bb4+ 4. Nbd2 0-0 5. a3 Be7 6. e4 d5 7. Qc2 dxe4 8. Nxe4 Nbd7 9. Nc3 b6 10. Be2 Bb7 11. 0-0 c5 12. dxc5 Nxc5 13. Bf4 a6 14. Rfd1 Qc8 15. Rac1 Rd8 16. Rxd8+ Qxd8 17. b4 Nce4 18. Nxe4 Bxe4 19. Qb3 Rc8 20. h3 Qe8 21. Bf1 h6 22. Be5 Qc6 23. Nd2 Bg6 24. Qb2 Ne8 25. Be2 f6 26. Bf3 Qd7 27. Bd4 Qc7 28. Nb3 e5 29. Bd5+ Kh8 30. Be3 Rd8 31. f3 Nd6 32. Qf2 Nc8 33. Kh1 f5 34. f4 exf4 35. Bxf4 Bd6 36. Be3 Bg3 37. Qf3 Re8 38. Bg1 f4 39. c5 bxc5 40. Nxc5 Ne7 41. Be4 Nf5 42. Qg4 Rxe4 43. Qxg6 Re5 44. Nd3 Qxc1 45. Nxc1 Nh4 46. Qxa6 Re1 47. Qc8+ Kh7 48. Qc2+ Kh8 49. Qc8+ Kh7 50. Qc2+ Kh8 51. Nd3 Ra1 52. Qb2 Rd1 53. Qe2 Ra1 54. Qe8+ Kh7 55. Qe4+ Kh8 56. Nxf4 Bf2 57. Qe8+ Kh7 58. Qe4+ Kh8 59. Ne2 Re1 60. Qe8+ Kh7 61. Qe4+ Kh8 62. g3 Bxg1 63. gxh4 Be3+ 64. Kg2 Rxe2+ 65. Kf3 Re1 66. Qxe3 1-0

[Event "Tamil Nadu IM 18th"]
[Site "Pollachi"]
[Date "2024.02.16"]
[Round "6"]
[White "Sitnikov, Anton"]
[Black "Wagh, Suyog"]
[Result "1-0"]
[WhiteElo "2362"]
[BlackElo "2243"]
[PlyCount "137"]
[EventDate "2024.02.13"]
[EventType "tourn"]
[EventRounds "9"]
[EventCountry "IND"]
[SourceTitle "CB08_2024"]
[SourceDate "2024.02.21"]
[SourceVersion "1"]
[SourceVersionDate "2024.02.21"]
[SourceQuality "1"]

1. e4 e5 2. Nf3 Nc6 3. d4 exd4 4. Nxd4 Nf6 5. Nc3 Bb4 6. Nxc6 bxc6 7. Bd3 d5 8. exd5 0-0 9. 0-0 Bg4 10. Ne2 cxd5 11. c3 Be7 12. Qc2 c5 13. h3 Bd7 14. Bf4 g6 15. b3 Re8 16. Rfe1 Bc6 17. Rad1 Qb6 18. Bg5 Nh5 19. Qd2 Bf8 20. Bh6 Ng7 21. Nf4 Rxe1+ 22. Rxe1 Bb7 23. c4 dxc4 24. Bxc4 Rd8 25. Qe2 Qf6 26. Nd3 Bd5 27. Bxd5 Rxd5 28. Ne5 Ne6 29. Ng4 Qc3 30. Rc1 Qd4 31. Be3 Qh8 32. Qf3 Rd8 33. Nf6+ Kg7 34. Rc4 Be7 35. Nd5 Qe8 36. h4 h5 37. Nxe7 Qxe7 38. Qe4 Rd1+ 39. Kh2 Qd6+ 40. g3 Qd5 41. Qxd5 Rxd5 42. Kg2 f5 43. Ra4 Rd7 44. Ra6 Kf7 45. Rc6 Rd5 46. Kf3 Ke7 47. Ke2 Kf7 48. a4 Ke7 49. Rc8 Kf6 50. Ra8 Rd7 51. Rb8 Ke5 52. a5 Kd6 53. Rg8 Rb7 54. Rxg6 Rxb3 55. Bxc5+ Kxc5 56. Rxe6 Kd4 57. Re7 a6 58. Re6 Rb5 59. Rxa6 Ke4 60. Re6+ Kd4 61. Kf3 Rxa5 62. Kf4 Rb5 63. Rf6 Rb2 64. f3 Kd3 65. Rxf5 Ke2 66. Kg5 Kf2 67. g4 hxg4 68. fxg4+ Kg3 69. Rc5 1-0

[Event "Tamil Nadu IM 18th"]
[Site "Pollachi"]
[Date "2024.02.13"]
[Round "2"]
[White "Wagh, Suyog"]
[Black "Parvathareddy, Ajay Santhosh"]
[Result "1/2-1/2"]
[WhiteElo "2243"]
[BlackElo "2148"]
[PlyCount "60"]
[EventDate "2024.02.13"]
[EventType "tourn"]
[EventRounds "9"]
[EventCountry "IND"]
[SourceTitle "CB08_2024"]
[SourceDate "2024.02.21"]
[SourceVersion "1"]
[SourceVersionDate "2024.02.21"]
[SourceQuality "1"]

1. d4 Nf6 2. c4 g6 3. g3 Bg7 4. Bg2 0-0 5. Nc3 d6 6. Nf3 Nbd7 7. 0-0 e5 8. e4 exd4 9. Nxd4 a6 10. a4 Re8 11. h3 c6 12. Be3 Nc5 13. Qc2 a5 14. Rfe1 Nfd7 15. b3 Qc7 16. Rad1 Na6 17. Rd2 Ndc5 18. Red1 Nb4 19. Qb1 Be6 20. Nde2 Rad8 21. Kh2 f5 22. Nd4 fxe4 23. Nxe4 Nxe4 24. Bxe4 Bf7 25. Bg5 Ra8 26. Bg2 d5 27. c5 Bf8 28. Qc1 Na6 29. Bf4 Qd7 30. Rc2 Nb4 1/2-1/2

[Event "Titled Tuesday intern op 12th Dec Early"]
[Site "Chess.com INT"]
[Date "2023.12.12"]
[Round "10"]
[White "Wagh, Suyog"]
[Black "Antunez, Soler Luis"]
[Result "1-0"]
[WhiteElo "2210"]
[BlackElo "2200"]
[PlyCount "89"]
[EventDate "2023.12.12"]
[EventType "swiss (blitz)"]
[EventRounds "11"]
[EventCountry "USA"]
[SourceTitle "CB51_2023"]
[SourceDate "2023.12.20"]
[SourceVersion "1"]
[SourceVersionDate "2023.12.20"]
[SourceQuality "1"]

1. e4 e6 2. d4 d5 3. Nd2 Be7 4. Ngf3 Nf6 5. e5 Nfd7 6. Bd3 c5 7. c3 Nc6 8. 0-0 a5 9. Re1 cxd4 10. Nb3 dxc3 11. bxc3 a4 12. Nbd4 Nc5 13. Bc2 Bd7 14. Rb1 0-0 15. h4 h6 16. h5 Rc8 17. Ba3 Ne4 18. Bxe7 Nxe7 19. Bxe4 dxe4 20. Rxe4 Nd5 21. Ne2 Qc7 22. c4 Ne7 23. Rg4 Bc6 24. Ned4 Rfd8 25. Qc1 Nf5 26. Nxc6 Qxc6 27. Qb2 Rd7 28. c5 Rcd8 29. Qc2 Rd5 30. Qxa4 Qxc5 31. Rc4 Qe7 32. Qc2 Qa3 33. Rc3 Qa6 34. Rcb3 Nd4 35. Nxd4 Rxd4 36. Rxb7 Rd2 37. Qe4 Qxa2 38. Qf3 Rf8 39. Rc1 Qd5 40. Rxf7 Rxf7 41. Rc8+ Kh7 42. Qxf7 Rd1+ 43. Kh2 Rh1+ 44. Kxh1 Qd1+ 45. Kh2 1-0

[Event "Titled Tuesday intern op 12th Dec Early"]
[Site "Chess.com INT"]
[Date "2023.12.12"]
[Round "1"]
[White "Wagh, Suyog"]
[Black "Bogaudinov, Rushan"]
[Result "1-0"]
[WhiteElo "2210"]
[BlackElo "1853"]
[PlyCount "71"]
[EventDate "2023.12.12"]
[EventType "swiss (blitz)"]
[EventRounds "11"]
[EventCountry "USA"]
[SourceTitle "CB51_2023"]
[SourceDate "2023.12.20"]
[SourceVersion "1"]
[SourceVersionDate "2023.12.20"]
[SourceQuality "1"]

1. e4 e6 2. d4 a6 3. Nc3 b5 4. Nf3 Bb7 5. Bd3 c5 6. dxc5 Bxc5 7. 0-0 Ne7 8. a4 b4 9. Ne2 0-0 10. Ng3 Nbc6 11. Qe2 Ng6 12. Be3 Qb6 13. Bxc5 Qxc5 14. Qd2 Rac8 15. Kh1 Nce5 16. Nxe5 Nxe5 17. f4 Nxd3 18. cxd3 a5 19. f5 f6 20. Rac1 Qd4 21. Ne2 Qe5 22. fxe6 dxe6 23. b3 h5 24. Qe3 Qb2 25. Rb1 Qe5 26. Nf4 Rc2 27. Ng6 Qc3 28. Nxf8 Kxf8 29. h3 Ba6 30. e5 f5 31. Rbc1 Bb7 32. Rxc2 Qxc2 33. Rf2 Qxb3 34. Qc5+ Kg8 35. Qxa5 Qxd3 36. Qxb4 1-0

[Event "Titled Tuesday intern op 05th Sep Early"]
[Site "Chess.com INT"]
[Date "2023.09.05"]
[Round "9"]
[White "Wagh, Suyog"]
[Black "Estrada Nieto, Julian"]
[Result "1-0"]
[WhiteElo "2217"]
[BlackElo "2212"]
[PlyCount "85"]
[EventDate "2023.09.05"]
[EventType "swiss (blitz)"]
[EventRounds "11"]
[EventCountry "USA"]
[SourceTitle "EXT 2024"]
[Source "ChessBase"]
[SourceDate "2023.10.10"]
[SourceVersion "1"]
[SourceVersionDate "2023.10.10"]
[SourceQuality "1"]

1. d4 d5 2. c4 dxc4 3. Nf3 Nf6 4. e3 e6 5. Bxc4 c5 6. 0-0 a6 7. b3 Nc6 8. Bb2 cxd4 9. Nxd4 Bd7 10. Nd2 Nxd4 11. Bxd4 Be7 12. Nf3 0-0 13. Ne5 Bb5 14. Qf3 Bxc4 15. Nxc4 Qd5 16. Nb6 Qxf3 17. gxf3 Rad8 18. Rac1 Bd6 19. Rfd1 Bb8 20. Bxf6 gxf6 21. Nd7 Kg7 22. Nxf8 Rxf8 23. Rd7 b5 24. Rc6 a5 25. Rxe6 Kg6 26. Rb6 Rc8 27. Rxb5 Be5 28. Rxa5 Rc1+ 29. Kg2 Rc2 30. Rxe5 fxe5 31. a4 Rb2 32. Rb7 Ra2 33. Rb5 Kf6 34. a5 Ke6 35. b4 f5 36. Rb6+ Kd5 37. a6 e4 38. fxe4+ Kxe4 39. b5 h5 40. Rb7 h4 41. h3 Kd3 42. Rf7 Ke4 43. a7 1-0

[Event "Titled Tuesday intern op 05th Sep Early"]
[Site "Chess.com INT"]
[Date "2023.09.05"]
[Round "10"]
[White "Wagh, Suyog"]
[Black "Toncheva, Nadya"]
[Result "1-0"]
[WhiteElo "2217"]
[BlackElo "2253"]
[PlyCount "67"]
[EventDate "2023.09.05"]
[EventType "swiss (blitz)"]
[EventRounds "11"]
[EventCountry "USA"]
[SourceTitle "EXT 2024"]
[Source "ChessBase"]
[SourceDate "2023.10.10"]
[SourceVersion "1"]
[SourceVersionDate "2023.10.10"]
[SourceQuality "1"]

1. d4 d5 2. c4 dxc4 3. Nf3 Nf6 4. e3 Bg4 5. h3 Bh5 6. Bxc4 e6 7. Nc3 a6 8. g4 Bg6 9. Ne5 Nbd7 10. Nxg6 hxg6 11. g5 Nd5 12. Nxd5 exd5 13. Bxd5 c6 14. Bc4 Nb6 15. Bb3 Qxg5 16. Qf3 Bb4+ 17. Kf1 0-0 18. Rg1 Qb5+ 19. Kg2 a5 20. a4 Qd3 21. Qd1 Qe4+ 22. Kf1 Nd5 23. Bc2 Qh4 24. Qg4 Qf6 25. Kg2 Rfe8 26. Qf3 Qh4 27. Qg4 Qf6 28. Qf3 Qh4 29. e4 Nf6 30. Bf4 Nh5 31. Be5 f6 32. Bh2 Bd2 33. Kh1 Bf4 34. Rg4 1-0